000
00254nam a2200097Ia 4500
001
653927
005
20250826154507.0
008
250824s9999 xx 000 0 und d
245
0
_a
HAYATA DOKUNAN ÖYKÜLER
_c
YUSUF ÖZKAN ÖZBURUN
260
_b
HAYAT YAYINLARI
999
_c
653927
_d
653927